[Event "BEM-ch U18"]
[Site "Tamm"]
[Date "2000.02.05"]
[Round "5"]
[White "Krautmann, Wenzel"]
[Black "Mainhardt, Ralf"]
[Result "1/2-1/2"]
[WhiteElo "1526"]
[BlackElo "1360"]
[PlyCount "62"]
[EventDate "2000.01.22"]
[EventType "swiss"]
[EventRounds "5"]
[EventCountry "GER"]
[SourceTitle "EXT 2003"]
[Source "ChessBase"]
[SourceDate "2002.11.25"]
[SourceVersion "1"]
[SourceVersionDate "2002.11.25"]
[SourceQuality "1"]

1. e4 c5 2. Nf3 Nc6 3. d4 cxd4 4. Nxd4 g6 5. Nc3 Bg7 6. Be3 d6 7. Bb5 Bd7 8. 0-0 Nf6 9. Qd2 0-0 10. Rad1 Nxd4 11. Bxd4 Bxb5 12. Nxb5 Nxe4 13. Qe3 Bxd4 14. Nxd4 Nc5 15. Nf3 Ne6 16. Rfe1 Qc7 17. c3 Rfe8 18. Qh6 Nf8 19. Ng5 Qd7 20. Rd3 f6 21. Ne4 Qe6 22. Rde3 Qxa2 23. g3 Qf7 24. Kg2 Qd5 25. Kg1 Qf7 26. c4 Rac8 27. b3 b6 28. Qh3 Kg7 29. Nc3 Rc7 30. Nb5 Rd7 31. Nd4 e5 1/2-1/2

[Event "BEM-ch U18"]
[Site "Tamm"]
[Date "2000.01.29"]
[Round "3"]
[White "Widmer, Axel"]
[Black "Mainhardt, Ralf"]
[Result "1-0"]
[WhiteElo "1504"]
[BlackElo "1360"]
[PlyCount "43"]
[EventDate "2000.01.22"]
[EventType "swiss"]
[EventRounds "5"]
[EventCountry "GER"]
[SourceTitle "EXT 2003"]
[Source "ChessBase"]
[SourceDate "2002.11.25"]
[SourceVersion "1"]
[SourceVersionDate "2002.11.25"]
[SourceQuality "1"]

1. e4 c5 2. Nf3 Nc6 3. d4 cxd4 4. Nxd4 g6 5. Be3 Bg7 6. Nc3 d6 7. Qd2 Nf6 8. f3 Bd7 9. Bc4 0-0 10. 0-0-0 Rc8 11. Nxc6 Bxc6 12. Bb3 a6 13. Bh6 Qd7 14. Bxg7 Kxg7 15. g4 Kg8 16. h4 b5 17. h5 Rc7 18. hxg6 hxg6 19. Qh6 Nh5 20. gxh5 Qe6 21. hxg6 fxg6 22. Bxe6+ 1-0